Catalunya, terra de roses / Josep Armengol ... [et al.] ; fotografies: Jorge Botella, Jaume García i Parcs i Jardins de Barcelona Jorge Botella, Jaume García i Parcs i Jardins de Barcelona
Descripción Física:
94 p. : il., col. ; 28 cm
Otros Autores:
Armengol, Josep
,
Botella, Jorge
,
García, Jaume
,
Parcs i Jardins de Barcelona. Institut Municipal
MARC
| LEADER | 00000nam a2200000Ia 4500 | ||
|---|---|---|---|
| 001 | 12239 | ||
| 008 | 160829s1999 xx 000 0 cat d | ||
| 080 | |a C-2-10 | ||
| 245 | |a Catalunya, terra de roses / Josep Armengol ... [et al.] ; fotografies: |b Jorge Botella, Jaume García i Parcs i Jardins de Barcelona | ||
| 260 | |a Barcelona : |b Diputació de Barcelona, |c 1999 | ||
| 300 | |a 94 p. : |b il., col. ; |c 28 cm | ||
| 650 | |a Roses |x Conreu |9 20638 | ||
| 650 | |a Roses |x Catalunya |9 20639 | ||
| 700 | |a Armengol, Josep |9 20640 | ||
| 700 | 1 | |a Botella, Jorge |9 20641 | |
| 700 | 1 | |a García, Jaume |9 20642 | |
| 700 | |a Parcs i Jardins de Barcelona. Institut Municipal |9 20643 | ||
| 901 | |a Arxiu | ||
| 942 | |n 1 | ||
| 952 | |0 0 |1 0 |4 0 |6 C210 |7 1 |9 41618 |a Arxiu |b Arxiu |d 2016-12-01 |l 0 |o C-2-10 |p 12239 |r 2016-12-01 00:00:00 |w 2016-12-01 |y ARXIU | ||
| 999 | |c 43508 |d 43508 | ||